[Event "zonal 3.1"]
[Site "Madras IND"]
[Date "1995.04.??"]
[Round "1"]
[White "Al-Sayed, Mohamad Naser"]
[Black "Al-Modiahki, Mohamad"]
[Result "0-1"]
[WhiteElo "2000"]
[BlackElo "2360"]
[EventDate "1995.04.15"]
[PlyCount "38"]

1.e4 c5 2.f4 Nc6 3.Nf3 e6 4.Bb5 Nge7 5.O-O a6 6.Be2 d5 7.d3 d4 8.c3 Ng6 9.
Qe1 Bd6 10.Ng5 f6 11.Nh3 O-O 12.a4 Rb8 13.Nd2 b5 14.axb5 axb5 15.Bh5 Nge7 
16.Qh4 Bc7 17.Bd1 dxc3 18.bxc3 b4 19.cxb4 Qd4+ 0-1

[Event "zonal 3.1"]
[Site "Madras IND"]
[Date "1995.04.??"]
[Round "1"]
[White "Bin Sattar, Reefat"]
[Black "Safarzadeh, Esmail"]
[Result "1-0"]
[WhiteElo "2430"]
[BlackElo "2275"]
[EventDate "1995.04.15"]
[PlyCount "79"]

1.e4 c6 2.d4 d5 3.Nc3 dxe4 4.Nxe4 Bf5 5.Ng3 Bg6 6.h4 h6 7.f4 e6 8.h5 Bh7 
9.Nf3 Nf6 10.Bd3 Bxd3 11.Qxd3 Nbd7 12.Bd2 Qc7 13.O-O-O O-O-O 14.Ne5 Nb6 
15.Ba5 c5 16.Bxb6 axb6 17.Ne2 cxd4 18.Nc3 Nd7 19.Nb5 Nxe5 20.fxe5 Qxe5 21.
Qc4+ Bc5 22.b4 Qd5 23.Qxd5 Rxd5 24.bxc5 bxc5 25.c4 dxc3 26.Nxc3 Rg5 27.
Rhf1 f6 28.Rd6 Rd8 29.Rxe6 Rxg2 30.Rf5 Rdd2 31.Rxc5+ Kd7 32.Rb6 Rc2+ 33.
Kb1 Rcd2 34.Rxb7+ Ke6 35.Rc6+ Ke5 36.Rb5+ Kf4 37.Rc4+ Kf3 38.Rf5+ Ke3 39.
Re4+ Kd3 40.Rf3# 1-0

[Event "zonal 3.1"]
[Site "Madras IND"]
[Date "1995.04.??"]
[Round "1"]
[White "Eid, Fadi"]
[Black "Sarsam, Saad Abdullah"]
[Result "1-0"]
[WhiteElo "2225"]
[BlackElo "2430"]
[EventDate "1995.04.15"]
[PlyCount "78"]

1.e4 c5 2.Nf3 e6 3.d4 cxd4 4.Nxd4 a6 5.Nc3 Qc7 6.g3 b5 7.Bg2 Bb7 8.O-O Nf6
9.Re1 d6 10.a4 b4 11.Na2 e5 12.Nf5 Qd7 13.Nxb4 d5 14.Bh3 Qc7 15.Nxd5 Nxd5 
16.exd5 Nd7 17.Bg2 g6 18.d6 Qc8 19.Ne7 Bxe7 20.Bxb7 Qxb7 21.dxe7 Kxe7 22.
b3 f6 23.Ba3+ Kf7 24.Qd6 Rhe8 25.Rad1 Nf8 26.Qd5+ Qxd5 27.Rxd5 Ne6 28.Rd7+
Kg8 29.Bb2 Rac8 30.Re2 Rc6 31.Red2 Rec8 32.R2d6 Nc5 33.Rd8+ Rxd8 34.Rxc6 
Ne4 35.Rc4 Nd2 36.Rc6 f5 37.Ba3 Ne4 38.Bb4 Rd1+ 39.Kg2 Ra1 1-0

[Event "zonal 3.1"]
[Site "Madras IND"]
[Date "1995.04.??"]
[Round "1"]
[White "Momeni, Hadi"]
[Black "Rahman, Ziaur"]
[Result "0-1"]
[WhiteElo "2300"]
[BlackElo "2445"]
[EventDate "1995.04.15"]
[PlyCount "112"]

1.e4 c5 2.c3 e5 3.Nf3 Nc6 4.Bb5 a6 5.Ba4 b5 6.Bb3 Bb7 7.O-O c4 8.Bc2 Nf6 
9.a4 Bc5 10.axb5 axb5 11.Rxa8 Qxa8 12.d4 cxd3 13.Bxd3 b4 14.cxb4 Nxb4 15.
Nxe5 O-O 16.Bg5 Nxd3 17.Nxd3 Nxe4 18.Nxc5 Nxc5 19.f3 Ba6 20.Be7 Rc8 21.
Bxc5 Bxf1 22.b4 Bc4 23.Nd2 Qd5 24.Qe1 d6 25.Bf2 Bb5 26.h4 h6 27.Ne4 Qe5 
28.Qd2 d5 29.Bd4 Qe7 30.Ng3 Qe6 31.Qf4 Rc2 32.Nf5 Kh7 33.h5 f6 34.Ne3 Rc1+
35.Kh2 Be8 36.g4 Re1 37.Kg2 Bd7 38.Kf2 Rh1 39.Kg2 Rb1 40.Kg3 Rxb4 41.Nf5 
Rb1 42.Qd2 Re1 43.Bf2 Re2 44.Qd3 Kg8 45.Nxh6+ Kf8 46.Bc5+ Ke8 47.Nf5 Qe5+ 
48.f4 Bxf5 49.Qb5+ Bd7 50.Qxd7+ Kxd7 51.fxe5 Rxe5 52.Bf8 Rg5 53.Kf4 Ke6 
54.h6 gxh6 55.Bxh6 Rg6 56.Bf8 Rg8 0-1

[Event "zonal 3.1"]
[Site "Madras IND"]
[Date "1995.04.??"]
[Round "1"]
[White "Murshed, Niaz"]
[Black "Babu, N. Sudhakar"]
[Result "0-1"]
[WhiteElo "2520"]
[BlackElo "2350"]
[EventDate "1995.04.15"]
[PlyCount "78"]

1.d4 f5 2.g3 Nf6 3.Bg2 g6 4.Nf3 Bg7 5.O-O O-O 6.b3 c6 7.Bb2 a5 8.a4 Na6 9.
Nbd2 d5 10.Ne5 Be6 11.e3 Ne4 12.Nd3 Rc8 13.Nf4 Bf7 14.Nxe4 dxe4 15.g4 e6 
16.f3 exf3 17.Qxf3 Qg5 18.h3 e5 19.dxe5 fxg4 20.Qxg4 Qxg4 21.hxg4 Rfe8 22.
Nd3 Nb4 23.Nxb4 axb4 24.Rf4 Bf8 25.Rd1 Rc7 26.Bf1 Bh6 27.Rxb4 Bxe3+ 28.Kh1
Bd5+ 29.Bg2 Be6 30.Re4 Bc5 31.Rf4 Be3 32.Re4 Bc5 33.Kh2 Rf7 34.Rd2 Bf8 35.
Kg3 Be7 36.Ree2 Bg5 37.Rd4 Be7 38.Rdd2 Ref8 39.Rd4 h5 0-1

[Event "zonal 3.1"]
[Site "Madras IND"]
[Date "1995.04.??"]
[Round "1"]
[White "Ramesh, Ramachandran"]
[Black "Barua, Dibyendu"]
[Result "0-1"]
[WhiteElo "2330"]
[BlackElo "2515"]
[EventDate "1995.04.15"]
[PlyCount "88"]

1.e4 e5 2.Nf3 d6 3.d4 Nd7 4.Bc4 c6 5.Nc3 Be7 6.dxe5 dxe5 7.Ng5 Bxg5 8.Qh5 
Qe7 9.Bxg5 Ngf6 10.Qe2 b5 11.Bd3 O-O 12.a4 b4 13.Nd1 Nc5 14.Bc4 h6 15.Bxf6
Qxf6 16.O-O Rd8 17.f3 Qg5 18.Ne3 Be6 19.Rf2 Rd4 20.Bxe6 Nxe6 21.h4 Qd8 22.
g3 Qa5 23.Nf5 Rd7 24.Qc4 Rc8 25.Kg2 h5 26.c3 bxc3 27.b4 Qd8 28.Qxc3 g6 29.
Ne3 Rd3 30.Qc1 Rb8 31.b5 Qd4 32.Nc2 Qc5 33.bxc6 Rc3 34.Rb1 Rc8 35.Qd1 a5 
36.Ne1 Qxc6 37.Rb5 Rc1 38.Qd2 Qc3 39.Nd3 Qa1 40.Nxc1 Rxc1 41.Qb2 Rg1+ 42.
Kh3 Qd1 43.Rb8+ Kh7 44.Rb7 Nf4+ 0-1

[Event "zonal 3.1"]
[Site "Madras IND"]
[Date "1995.04.??"]
[Round "1"]
[White "Tilak, Sharad"]
[Black "Moussa, Othman"]
[Result "1-0"]
[WhiteElo "2415"]
[BlackElo "2185"]
[EventDate "1995.04.15"]
[PlyCount "83"]

1.e4 d5 2.exd5 Qxd5 3.Nc3 Qa5 4.d4 c6 5.Nf3 Nf6 6.Bc4 Bf5 7.Bd2 e6 8.Ne5 
Nbd7 9.Qe2 Bb4 10.Nxd7 Nxd7 11.O-O-O Nb6 12.Bb3 Nd5 13.Ne4 Bxe4 14.Qxe4 
Bxd2+ 15.Rxd2 Qc7 16.c4 Nf6 17.Qe5 Qxe5 18.dxe5 Ne4 19.Rd4 Nc5 20.Rhd1 Ke7
21.Bc2 a5 22.b3 Rad8 23.Kb2 Rxd4 24.Rxd4 Rd8 25.Rxd8 Kxd8 26.a3 h6 27.f4 
Nd7 28.Kc3 Ke7 29.b4 axb4+ 30.axb4 b6 31.Ba4 c5 32.Bxd7 Kxd7 33.Kb3 cxb4 
34.Kxb4 Kc6 35.g3 f5 36.exf6 gxf6 37.g4 e5 38.fxe5 fxe5 39.Kc3 b5 40.cxb5+
Kxb5 41.h4 Kc5 42.g5 1-0

[Event "zonal 3.1"]
[Site "Madras IND"]
[Date "1995.04.??"]
[Round "1"]
[White "Wijesuriya, Godigamuwage Luxman"]
[Black "Koshy, Varugeese"]
[Result "0-1"]
[WhiteElo "2185"]
[BlackElo "2405"]
[EventDate "1995.04.15"]
[PlyCount "84"]

1.e4 c5 2.Nc3 Nc6 3.f4 g6 4.Nf3 Bg7 5.Bb5 Nd4 6.O-O e6 7.e5 f5 8.d3 Ne7 9.
Nxd4 cxd4 10.Nb1 O-O 11.Na3 a6 12.Ba4 b5 13.Bb3 d6 14.Re1 Rb8 15.exd6 Qxd6
16.Qe2 Nd5 17.Bd2 Bd7 18.Rac1 Rfe8 19.Qf2 Bc6 20.Nb1 Ne3 21.Rxe3 dxe3 22.
Bxe3 Bxb2 23.Re1 Bf6 24.Bc5 Qd7 25.Nd2 Bc3 26.Re2 a5 27.a3 Rbc8 28.Kf1 a4 
29.Ba2 Bd5 30.Nb1 Bf6 31.c4 bxc4 32.dxc4 Bxg2+ 33.Kxg2 Qc6+ 34.Kf1 Qxc5 
35.Qxc5 Rxc5 36.Nd2 Rd8 37.Nf3 Rd3 38.Kg2 Rxa3 39.Bb1 Kf7 40.Ra2 Rxa2+ 41.
Bxa2 Rc7 42.Kf2 Rb7 0-1

[Event "zonal 3.1"]
[Site "Madras IND"]
[Date "1995.04.??"]
[Round "2"]
[White "Al-Modiahki, Mohamad"]
[Black "Bin Sattar, Reefat"]
[Result "0-1"]
[WhiteElo "2360"]
[BlackElo "2430"]
[EventDate "1995.04.15"]
[PlyCount "118"]

1.e4 c5 2.Nf3 Nc6 3.Nc3 e5 4.Bc4 d6 5.d3 Be7 6.Nd2 Bg5 7.Nd5 Nge7 8.h4 Bh6
9.c3 Nxd5 10.exd5 Ne7 11.Ne4 Bxc1 12.Qxc1 O-O 13.Qd2 b6 14.d4 f5 15.Ng5 h6
16.Ne6 Bxe6 17.dxe6 d5 18.Bb5 Qd6 19.dxe5 Qxe6 20.f4 h5 21.Be2 g6 22.O-O 
Rad8 23.Rad1 Kg7 24.Qc2 Qc6 25.Bf3 b5 26.b3 Rd7 27.c4 Rfd8 28.Rd2 bxc4 29.
bxc4 Qe6 30.cxd5 Nxd5 31.Qc4 Kf7 32.Rfd1 Ne7 33.Rxd7 Rxd7 34.Qxc5 Rxd1+ 
35.Bxd1 Qxa2 36.Qc3 Qb1 37.Qb3+ Qxb3 38.Bxb3+ Ke8 39.Kf2 Kd7 40.Ke3 Kc6 
41.Kd4 a5 42.Ba4+ Kb6 43.e6 Kc7 44.Ke5 Kd8 45.g3 Ng8 46.Kd6 Ne7 47.Bb5 
Nc8+ 48.Ke5 Ke7 49.Ba4 Nd6 50.Bc6 Ne4 51.g4 hxg4 52.h5 g3 53.Bxe4 fxe4 54.
hxg6 g2 55.f5 g1=Q 56.f6+ Ke8 57.g7 Kd8 58.Kd6 e3 59.f7 Qg3+ 0-1

[Event "zonal 3.1"]
[Site "Madras IND"]
[Date "1995.04.??"]
[Round "2"]
[White "Babu, N. Sudhakar"]
[Black "Tilak, Sharad"]
[Result "1/2-1/2"]
[WhiteElo "2350"]
[BlackElo "2415"]
[EventDate "1995.04.15"]
[PlyCount "22"]

1.d4 Nf6 2.Bg5 d6 3.Bxf6 gxf6 4.c3 c5 5.dxc5 dxc5 6.Qxd8+ Kxd8 7.Nd2 b6 8.
Ngf3 Bb7 9.e3 Kc7 10.Bc4 e6 11.Ke2 Nd7 1/2-1/2

[Event "zonal 3.1"]
[Site "Madras IND"]
[Date "1995.04.??"]
[Round "2"]
[White "Barua, Dibyendu"]
[Black "Al-Hadarani, Hatim"]
[Result "1-0"]
[WhiteElo "2515"]
[BlackElo "2370"]
[EventDate "1995.04.15"]
[PlyCount "91"]

1.e4 e6 2.d4 d5 3.exd5 exd5 4.Bd3 Bd6 5.Qf3 Nc6 6.c3 Be6 7.Ne2 Qd7 8.h3 
O-O-O 9.Bf4 Nge7 10.Bxd6 Qxd6 11.Nd2 Kb8 12.O-O-O Qd7 13.Ng3 g6 14.Rde1 h5
15.h4 Nc8 16.Qf6 Nd6 17.Nf3 Rde8 18.Ng5 Nd8 19.Re5 Nc4 20.Bxc4 dxc4 21.
Rhe1 Bd5 22.f3 Nc6 23.R5e3 b6 24.Kd2 Kb7 25.Rxe8 Rxe8 26.Rxe8 Qxe8 27.Ne2 
Nd8 28.Nf4 Bc6 29.d5 Bd7 30.Qd4 Bb5 31.Ne4 Qd7 32.Ke3 Qe7 33.Qf6 Qd7 34.
Kf2 a5 35.Ke3 Kb8 36.g4 hxg4 37.fxg4 Nb7 38.h5 Qxg4 39.h6 Qg1+ 40.Nf2 Qg3+
41.Ke2 Qh2 42.Nh3 Bd7 43.h7 Bg4+ 44.Ke1 Nd6 45.h8=Q+ Kb7 46.Qf4 1-0

[Event "zonal 3.1"]
[Site "Madras IND"]
[Date "1995.04.??"]
[Round "2"]
[White "Koshy, Varugeese"]
[Black "Eid, Fadi"]
[Result "1/2-1/2"]
[WhiteElo "2405"]
[BlackElo "2245"]
[EventDate "1995.04.15"]
[PlyCount "38"]

1.c4 Nf6 2.g3 g6 3.Bg2 Bg7 4.e4 O-O 5.Ne2 e5 6.O-O d6 7.Nbc3 Nc6 8.f4 Nd4 
9.h3 Nxe2+ 10.Nxe2 exf4 11.gxf4 Nh5 12.f5 c6 13.d4 c5 14.Be3 cxd4 15.Bxd4 
Be5 16.Bxe5 dxe5 17.Qxd8 Rxd8 18.Rad1 Bd7 19.Nc3 Nf4 1/2-1/2

[Event "zonal 3.1"]
[Site "Madras IND"]
[Date "1995.04.??"]
[Round "2"]
[White "Mehyo, Abdul Rahim"]
[Black "Murshed, Niaz"]
[Result "0-1"]
[WhiteElo "2300"]
[BlackElo "2520"]
[EventDate "1995.04.15"]
[PlyCount "56"]

1.e4 d6 2.d4 g6 3.Nc3 c6 4.Bc4 Bg7 5.Qf3 e6 6.Nge2 Nf6 7.Bb3 Nbd7 8.Bf4 e5
9.dxe5 dxe5 10.Be3 O-O 11.h3 Qe7 12.g4 Nc5 13.Ng3 a5 14.Bc4 b5 15.Bf1 Ne6 
16.O-O-O Nd4 17.Qg2 a4 18.Nce2 c5 19.g5 Ne8 20.Nc3 Nc7 21.Nd5 Nxd5 22.exd5
Bb7 23.Bd3 c4 24.Be4 a3 25.d6 axb2+ 26.Kb1 Qxd6 27.Bxb7 Ra4 28.Bxd4 exd4 
0-1

[Event "zonal 3.1"]
[Site "Madras IND"]
[Date "1995.04.??"]
[Round "2"]
[White "Moussa, Othman"]
[Black "Al-Sayed, Mohamad Naser"]
[Result "1-0"]
[WhiteElo "2185"]
[BlackElo "2000"]
[EventDate "1995.04.15"]
[PlyCount "111"]

1.d4 Nf6 2.c4 g6 3.Nc3 Bg7 4.Bg5 O-O 5.e3 d6 6.Be2 Nc6 7.Nf3 e6 8.O-O Ne7 
9.h3 h6 10.Bf4 g5 11.Bh2 b6 12.Qc2 Bb7 13.Rfd1 Ng6 14.Ne1 Nh4 15.Bd3 g4 
16.Bg3 Nd7 17.hxg4 Qg5 18.Be4 Bxe4 19.Qxe4 Nf6 20.Qf4 Qxf4 21.exf4 Ng6 22.
f3 a6 23.Rac1 h5 24.g5 Nd7 25.Ne2 Ne7 26.Bf2 Kh7 27.Nd3 f6 28.Re1 Rae8 29.
Nb4 Nb8 30.Nd3 Nd7 31.b3 Bh8 32.d5 exd5 33.Nd4 dxc4 34.bxc4 c6 35.Ne6 Rf7 
36.Nc7 Rg8 37.Re6 fxg5 38.Rxd6 Nf5 39.Re6 gxf4 40.Nxa6 Nd4 41.Bxd4 Bxd4+ 
42.Kf1 h4 43.Rd1 Be3 44.Ne5 Nxe5 45.Rxe5 Ra8 46.Nb4 Ra4 47.Nd3 Rxa2 48.
Rh5+ Kg8 49.Rxh4 Rd7 50.Rh6 Rc2 51.Rxc6 Rg7 52.Ne5 Rcxg2 53.Rd8+ Kh7 54.
Ng4 R7xg4 55.fxg4 f3 56.Rd7+ 1-0

[Event "zonal 3.1"]
[Site "Madras IND"]
[Date "1995.04.??"]
[Round "2"]
[White "Rahman, Ziaur"]
[Black "Hakki, Imad"]
[Result "1-0"]
[WhiteElo "2445"]
[BlackElo "2360"]
[EventDate "1995.04.15"]
[PlyCount "117"]

1.c4 Nf6 2.Nf3 g6 3.Nc3 Bg7 4.e4 d6 5.d4 O-O 6.h3 c5 7.d5 e6 8.Bd3 exd5 9.
cxd5 b5 10.Nxb5 Re8 11.O-O Nxe4 12.Re1 a6 13.Qa4 Bd7 14.Qa3 Bxb5 15.Bxb5 
Nd7 16.Bc6 Rb8 17.Qa4 Rb4 18.Qc2 f5 19.a3 Rb8 20.Rb1 Re7 21.Bf4 h6 22.b4 
g5 23.Be3 Bc3 24.Bxd7 Qxd7 25.bxc5 Rxb1 26.Rxb1 dxc5 27.Bxc5 Re8 28.Rd1 
Rc8 29.Be3 Bg7 30.Qd3 Nc3 31.Rc1 Qb5 32.Qxf5 Ne2+ 33.Kh2 Rxc1 34.Qe6+ Kf8 
35.Bxc1 Qb8+ 36.d6 Nxc1 37.Qe7+ Kg8 38.Qc7 Qf8 39.d7 Bf6 40.Qxc1 Qd6+ 41.
g3 Qxd7 42.Qc4+ Kg7 43.Qxa6 Qd5 44.Qa7+ Kf8 45.Qe3 Kf7 46.Nd2 Be7 47.a4 
Bc5 48.Qe4 Qxe4 49.Nxe4 Bb4 50.Kg2 Ke6 51.Kf3 Kf5 52.g4+ Ke5 53.Ng3 Kf6 
54.Ke4 Be1 55.Kd5 Kg6 56.Ne4 Kf7 57.f3 Ke7 58.Nd6 Kf6 59.Nc4 1-0

[Event "zonal 3.1"]
[Site "Madras IND"]
[Date "1995.04.??"]
[Round "2"]
[White "Safarzadeh, Esmail"]
[Black "Wijesuriya, Godigamuwage Luxman"]
[Result "1-0"]
[WhiteElo "2275"]
[BlackElo "2000"]
[EventDate "1995.04.15"]
[PlyCount "135"]

1.e4 e6 2.d4 d5 3.Nd2 dxe4 4.Nxe4 Nd7 5.Bd3 Be7 6.Nf3 Ngf6 7.Qe2 O-O 8.O-O
Nxe4 9.Qxe4 Nf6 10.Qh4 Qd5 11.Bxh7+ Nxh7 12.Qxe7 Qd8 13.Qxd8 Rxd8 14.Bf4 
c6 15.Rad1 b6 16.Ne5 Bb7 17.c4 Nf8 18.Rfe1 f6 19.Nf3 Kf7 20.Be3 g5 21.Nd2 
Ng6 22.f3 Ne7 23.Ne4 Nc8 24.b3 Nd6 25.Bc1 Nxe4 26.fxe4 g4 27.Bb2 Kg6 28.
Rd2 Re8 29.Rf2 f5 30.Ref1 Bc8 31.d5 cxd5 32.cxd5 exd5 33.exf5+ Kf7 34.Rc2 
Ba6 35.Rc7+ Re7 36.Rfc1 Bb5 37.f6 Rxc7 38.Rxc7+ Ke6 39.Re7+ Kf5 40.f7 Kg6 
41.Rxa7 Rf8 42.Rb7 Bd3 43.Rxb6+ Kxf7 44.Rf6+ Ke7 45.Rxf8 Kxf8 46.Kf2 Ke7 
47.h4 gxh3 48.gxh3 Kd6 49.Ke3 Bf5 50.h4 Kc5 51.Ba3+ Kb5 52.h5 Kc6 53.Kd4 
Kd7 54.Kxd5 Ke8 55.h6 Kf7 56.Bc1 Kf6 57.Kc5 Ke6 58.b4 Kd7 59.b5 Kc7 60.a4 
Kb7 61.a5 Ka7 62.Kc6 Kb8 63.a6 Ka7 64.Be3+ Kb8 65.b6 Be4+ 66.Kd6 Bd3 67.
Bf4 Bxa6 68.h7 1-0

[Event "zonal 3.1"]
[Site "Madras IND"]
[Date "1995.04.??"]
[Round "2"]
[White "Sarsam, Saad Abdullah"]
[Black "Prasad, Devaki"]
[Result "0-1"]
[WhiteElo "2430"]
[BlackElo "2460"]
[EventDate "1995.04.15"]
[PlyCount "74"]

1.d4 Nf6 2.c4 e6 3.Nf3 b6 4.g3 Ba6 5.Qa4 Bb7 6.Bg2 c5 7.O-O cxd4 8.Nxd4 
Bxg2 9.Kxg2 Be7 10.Nc3 O-O 11.Rd1 Qc7 12.e4 Rc8 13.b3 Qb7 14.f3 Na6 15.Ba3
Nc5 16.Bxc5 Rxc5 17.Nde2 Ra5 18.e5 Rxa4 19.exf6 Bxf6 20.Nxa4 Bxa1 21.Rxa1 
d5 22.cxd5 Qxd5 23.Nac3 Qe5 24.Rd1 h6 25.Rd3 Rc8 26.Kf2 Qa5 27.h4 b5 28.a4
b4 29.Ne4 Rd8 30.Ke3 Rxd3+ 31.Kxd3 Qd5+ 32.Kc2 f5 33.Nd2 e5 34.h5 e4 35.
fxe4 fxe4 36.Nf4 Qd4 37.Ne2 Qd3+ 0-1

[Event "zonal 3.1"]
[Site "Madras IND"]
[Date "1995.04.??"]
[Round "4"]
[White "Al-Hadarani, Hatim"]
[Black "Tilak, Sharad"]
[Result "1/2-1/2"]
[WhiteElo "2370"]
[BlackElo "2415"]
[EventDate "1995.04.15"]
[PlyCount "93"]

1.d4 Nf6 2.Nf3 g6 3.g3 Bg7 4.Bg2 O-O 5.O-O d6 6.Re1 Ne4 7.Nfd2 Nxd2 8.Qxd2
Nd7 9.b3 e5 10.Bb2 f5 11.dxe5 dxe5 12.Ba3 Rf6 13.c4 Qe8 14.Nc3 c6 15.Bd6 
g5 16.c5 g4 17.h4 gxh3 18.Bxh3 Rh6 19.Kg2 Nf6 20.Rh1 Nh5 21.Rad1 Qg6 22.
Kf1 f4 23.Bg2 fxg3 24.f3 Nf4 25.e3 Rxh1+ 26.Bxh1 Qh5 27.exf4 Qxh1+ 28.Ke2 
Qg2+ 29.Ke3 exf4+ 30.Bxf4 Qxd2+ 31.Kxd2 g2 32.Ne4 Bh3 33.Ke3 Re8 34.Kf2 
Bf5 35.Nd6 Rf8 36.Nxf5 Rxf5 37.Be3 Bf8 38.b4 Re5 39.Rd3 a5 40.a3 axb4 41.
axb4 h5 42.Kxg2 Kf7 43.Bf2 Ke8 44.Ra3 Rd5 45.Ra7 Rd7 46.Kh3 Be7 47.Bh4 
1/2-1/2

[Event "zonal 3.1"]
[Site "Madras IND"]
[Date "1995.04.??"]
[Round "4"]
[White "Al-Modiahki, Mohamad"]
[Black "Eid, Fadi"]
[Result "1/2-1/2"]
[WhiteElo "2360"]
[BlackElo "2245"]
[EventDate "1995.04.15"]
[PlyCount "82"]

1.e4 e5 2.Nf3 Nc6 3.Bb5 g6 4.c3 a6 5.Ba4 d6 6.d4 Bd7 7.O-O Bg7 8.Bb3 h6 9.
Be3 Nf6 10.dxe5 dxe5 11.Bc5 Bf8 12.Bxf8 Kxf8 13.Nbd2 Qe7 14.Qe2 Kg7 15.Nc4
Qc5 16.Bc2 Be6 17.Ne3 Rad8 18.Ne1 Qb6 19.b4 Rd7 20.Nf3 Ng4 21.Nc4 Bxc4 22.
Qxc4 Qb5 23.Qb3 Re8 24.h3 Nf6 25.a4 Qb6 26.Qc4 Na7 27.Qe2 Qe6 28.Rfb1 c6 
29.Qe3 Nc8 30.b5 axb5 31.axb5 Ne7 32.Qc5 cxb5 33.Nxe5 Rd2 34.Bb3 Nxe4 35.
Bxe6 Nxc5 36.Ba2 Na4 37.Bxf7 Rf8 38.Rxb5 Nxc3 39.Rxb7 Rxf7 40.Nxf7 Kxf7 
41.Re1 Re2 1/2-1/2

[Event "zonal 3.1"]
[Site "Madras IND"]
[Date "1995.04.??"]
[Round "4"]
[White "Babu, N. Sudhakar"]
[Black "Prasad, Devaki"]
[Result "1/2-1/2"]
[WhiteElo "2350"]
[BlackElo "2460"]
[EventDate "1995.04.15"]
[PlyCount "23"]

1.d4 c5 2.dxc5 Na6 3.Qd4 Qa5+ 4.c3 Qxc5 5.Qxc5 Nxc5 6.c4 Nf6 7.Nc3 g6 8.f3
Bg7 9.e4 d6 10.Be3 b6 11.O-O-O O-O 12.Nge2 1/2-1/2

[Event "zonal 3.1"]
[Site "Madras IND"]
[Date "1995.04.??"]
[Round "4"]
[White "Koshy, Varugeese"]
[Black "Murshed, Niaz"]
[Result "1/2-1/2"]
[WhiteElo "2405"]
[BlackElo "2520"]
[EventDate "1995.04.15"]
[PlyCount "63"]

1.c4 Nf6 2.g3 c6 3.b3 d5 4.Bb2 Bg4 5.Bg2 e6 6.Nf3 Nbd7 7.O-O Be7 8.d3 a5 
9.a3 O-O 10.Nbd2 Ne8 11.Bc3 f6 12.b4 e5 13.cxd5 axb4 14.dxc6 bxc3 15.cxd7 
Qxd7 16.Qb3+ Be6 17.Qxc3 Nd6 18.Qb2 Rfc8 19.Rfb1 Ra5 20.Nb3 Ra7 21.Nfd2 
Nb5 22.Nc4 Bxc4 23.dxc4 Nxa3 24.Rd1 Qc7 25.c5 Nb5 26.Rxa7 Nxa7 27.Qa2 Nc6 
28.Nd4+ Kh8 29.Nb5 Nb4 30.Qe6 Qxc5 31.Bxb7 Rg8 32.Nd6 1/2-1/2

[Event "zonal 3.1"]
[Site "Madras IND"]
[Date "1995.04.??"]
[Round "4"]
[White "Mehyo, Abdul Rahim"]
[Black "Ramesh, Ramachandran"]
[Result "0-1"]
[WhiteElo "2300"]
[BlackElo "2330"]
[EventDate "1995.04.15"]
[PlyCount "118"]

1.e4 e5 2.Nf3 Nc6 3.Bb5 a6 4.Ba4 Nf6 5.O-O Nxe4 6.d4 b5 7.Bb3 d5 8.dxe5 
Be6 9.Nbd2 Nc5 10.c3 Bg4 11.Bc2 Be7 12.Re1 Qd7 13.h3 Bh5 14.Nf1 Rd8 15.Ng3
Bg6 16.Nd4 Nxd4 17.cxd4 Ne6 18.Nf5 c5 19.a4 c4 20.axb5 axb5 21.Be3 O-O 22.
g4 Bb4 23.Bd2 Bxd2 24.Qxd2 Ra8 25.Kh2 Kh8 26.h4 h5 27.gxh5 Bxh5 28.Rg1 
Rxa1 29.Nxg7 Bg6 30.Qh6+ Kg8 31.Nh5 Qe7 32.Nf6+ Qxf6 33.exf6 Rxg1 34.Kxg1 
Bxc2 35.Qh5 Rd8 36.f4 Bg6 37.Qe5 Re8 38.h5 Be4 39.f5 Bxf5 40.Qxf5 Rd8 41.
Kf2 b4 42.Ke3 Kh8 43.Qe5 b3 44.Kd2 Kh7 45.Kc3 Kh6 46.Kd2 Ng5 47.Kc1 Kxh5 
48.Qc7 Ra8 49.Qb7 Ra1+ 50.Kd2 Rb1 51.Qxd5 Rxb2+ 52.Ke3 c3 53.Qh1+ Kg6 54.
Kf4 Rf2+ 55.Kg4 Rxf6 56.Qa8 Kg7 57.Qa5 b2 58.Qb5 Ne4 59.d5 Nd2 0-1

[Event "zonal 3.1"]
[Site "Madras IND"]
[Date "1995.04.??"]
[Round "4"]
[White "Rahman, Ziaur"]
[Black "Bin Sattar, Reefat"]
[Result "0-1"]
[WhiteElo "2445"]
[BlackElo "2430"]
[EventDate "1995.04.15"]
[PlyCount "72"]

1.c4 e5 2.Nc3 Nf6 3.e3 d5 4.cxd5 Nxd5 5.Qc2 Nc6 6.a3 Be6 7.b4 Bd6 8.Bb2 
O-O 9.Nf3 Qe7 10.Ne4 h6 11.Bc4 f5 12.Nc3 Qf7 13.Qb3 Nf4 14.Bxe6 Nxe6 15.d3
Rae8 16.O-O Qh5 17.h3 Kh7 18.Nb5 e4 19.Nd2 Ng5 20.Nxd6 cxd6 21.Kh2 Qe2 22.
Nc4 Re6 23.b5 Ne7 24.Na5 Rg6 25.Bd4 f4 26.Qd1 f3 27.g4 exd3 28.Qb3 Ne4 29.
Qb2 Nd2 30.Rg1 Qxf2+ 31.Kh1 h5 32.e4 Qh4 33.Qxd2 f2 34.Qxd3 fxg1=Q+ 35.
Rxg1 hxg4 36.e5 Rf3 0-1

[Event "zonal 3.1"]
[Site "Madras IND"]
[Date "1995.04.??"]
[Round "4"]
[White "Safarzadeh, Esmail"]
[Black "Moussa, Othman"]
[Result "0-1"]
[WhiteElo "2275"]
[BlackElo "2185"]
[EventDate "1995.04.15"]
[PlyCount "56"]

1.e4 d6 2.d4 g6 3.Nc3 Bg7 4.f4 Nf6 5.Nf3 c5 6.dxc5 Qa5 7.Bd3 Qxc5 8.Qe2 
Nc6 9.Be3 Qa5 10.O-O O-O 11.Rad1 a6 12.f5 b5 13.Nd4 Ne5 14.Nb3 Qc7 15.a3 
Bb7 16.h3 Nc4 17.Bd4 Nh5 18.Bxg7 Kxg7 19.Qf2 Nxb2 20.Qd4+ Kg8 21.Nxb5 axb5
22.Qxb2 Ng3 23.Rfe1 Ra4 24.e5 Qb6+ 25.Kh2 Qf2 26.Rg1 Qf4 27.Rge1 Ne2+ 28.
Kh1 Bxg2+ 0-1

[Event "zonal 3.1"]
[Site "Madras IND"]
[Date "1995.04.??"]
[Round "5"]
[White "Al-Sayed, Mohamad Naser"]
[Black "Safarzadeh, Esmail"]
[Result "0-1"]
[WhiteElo "2000"]
[BlackElo "2275"]
[EventDate "1995.04.15"]
[PlyCount "92"]

1.e4 c6 2.d4 d5 3.exd5 cxd5 4.c4 Nf6 5.Nc3 e6 6.Nf3 Be7 7.Bd3 Nc6 8.a3 
dxc4 9.Bxc4 O-O 10.O-O b6 11.Bg5 Bb7 12.Rc1 Rc8 13.Ba2 Nd5 14.Bxe7 Ncxe7 
15.Bb1 Nf5 16.Re1 Qf6 17.Ne4 Qh6 18.Rxc8 Rxc8 19.Neg5 Nf6 20.Qe2 Nxd4 21.
Qd3 Nxf3+ 22.Nxf3 Qf4 23.Ne5 Be4 24.Qd4 Qc1 25.Qd8+ Rxd8 26.Rxc1 Bxb1 27.
Rxb1 Rc8 28.Nd3 Nd5 29.Kf1 Kf8 30.Rc1 Rxc1+ 31.Nxc1 Ke7 32.Ke2 Kd6 33.Nd3 
e5 34.Kf3 f5 35.Ke2 e4 36.Ne1 Kc5 37.g3 Kc4 38.Kd2 a5 39.Kc2 a4 40.Ng2 b5 
41.Nh4 g6 42.Ng2 b4 43.h3 bxa3 44.bxa3 Kd4 45.h4 Kc4 46.Ne1 Nc3 0-1

[Event "zonal 3.1"]
[Site "Madras IND"]
[Date "1995.04.??"]
[Round "5"]
[White "Bin Sattar, Reefat"]
[Black "Koshy, Varugeese"]
[Result "1/2-1/2"]
[WhiteElo "2430"]
[BlackElo "2405"]
[EventDate "1995.04.15"]
[PlyCount "58"]

1.e4 g6 2.d4 Bg7 3.Nc3 d6 4.Be3 c6 5.Qd2 Nd7 6.f3 b5 7.O-O-O Qa5 8.Kb1 Nb6
9.Nce2 Qxd2 10.Bxd2 f5 11.exf5 gxf5 12.Bg5 Nf6 13.Ng3 O-O 14.Bd3 Nfd5 15.
N1e2 Rf7 16.Nh5 Nb4 17.Nxg7 Rxg7 18.h4 Be6 19.Nf4 Bxa2+ 20.Kc1 Nxd3+ 21.
Rxd3 Bc4 22.Rd2 Kf7 23.Re1 Re8 24.b3 Bd5 25.g4 fxg4 26.fxg4 Nd7 27.Nh5 Rg6
28.Nf4 Rg7 29.Nh5 Rg6 1/2-1/2

[Event "zonal 3.1"]
[Site "Madras IND"]
[Date "1995.04.??"]
[Round "5"]
[White "Eid, Fadi"]
[Black "Rahman, Ziaur"]
[Result "0-1"]
[WhiteElo "2245"]
[BlackElo "2445"]
[EventDate "1995.04.15"]
[PlyCount "82"]

1.e4 c5 2.Nf3 Nc6 3.Bb5 g6 4.O-O Bg7 5.Re1 e5 6.Bxc6 dxc6 7.b3 Qe7 8.Bb2 
Bg4 9.h3 Bxf3 10.Qxf3 Nf6 11.d3 Nd7 12.Nd2 Nf8 13.Qg3 f6 14.Nc4 Ne6 15.Bc3
O-O 16.Bd2 Kh8 17.a3 Qd7 18.Rad1 Nd4 19.Rc1 b5 20.Ne3 f5 21.Bc3 Qd6 22.
exf5 gxf5 23.Qg5 Qd7 24.Nf1 Rf7 25.Nh2 Rg8 26.Bxd4 cxd4 27.Nf3 Bf6 28.Qh5 
Re7 29.Qh6 Qd6 30.Nh4 Qe6 31.Nf3 c5 32.b4 Qf7 33.Rb1 c4 34.Kh1 c3 35.Re2 
e4 36.Ne1 Re6 37.Qf4 Bg5 38.Qg3 f4 39.Qh2 exd3 40.Rxe6 dxc2 41.Nxc2 Qxe6 
0-1

[Event "zonal 3.1"]
[Site "Madras IND"]
[Date "1995.04.??"]
[Round "5"]
[White "Moussa, Othman"]
[Black "Sarsam, Saad Abdullah"]
[Result "1/2-1/2"]
[WhiteElo "2185"]
[BlackElo "2430"]
[EventDate "1995.04.15"]
[PlyCount "128"]

1.d4 Nf6 2.c4 e6 3.g3 d5 4.Bg2 Be7 5.Nf3 O-O 6.O-O a6 7.Nc3 b6 8.Ne5 Bb7 
9.Qa4 Qc8 10.cxd5 Nxd5 11.Nxd5 Bxd5 12.e4 Bb7 13.Bf4 Bd6 14.Rac1 Qe8 15.
Qxe8 Rxe8 16.Nd3 Bxf4 17.Nxf4 Re7 18.Rc3 a5 19.Rfc1 Na6 20.Bf1 Bxe4 21.f3 
Bb7 22.Bxa6 Bxa6 23.Rxc7 Ree8 24.Kf2 Kf8 25.R1c6 Reb8 26.Rd6 Bb5 27.Ke3 
Be8 28.Nd3 b5 29.Nc5 Rd8 30.Rxd8 Rxd8 31.Ra7 a4 32.a3 Bc6 33.Rc7 Bd5 34.
Nd7+ Ke8 35.Ne5 f6 36.Nc6 Rd7 37.Rc8+ Kf7 38.Nb4 Bc4 39.f4 Kg6 40.g4 h5 
41.h3 hxg4 42.hxg4 Kf7 43.Rc5 Ke7 44.Rc6 Kf7 45.Rc8 Ke7 46.Nc6+ Kf7 47.Na5
Bf1 48.Rc5 Kg6 49.Nc6 Bg2 50.Nb4 Bh3 51.Rxb5 Bxg4 52.Nd3 Bf5 53.Rb4 Bxd3 
54.Kxd3 Kf5 55.Ke3 Ra7 56.Rb5+ Kg4 57.Rb6 Re7 58.Ke4 g5 59.fxg5 Kxg5 60.
Rb4 Ra7 61.Rb6 Re7 62.Rb8 Kg6 63.Rb4 Ra7 64.Rb6 Re7 1/2-1/2